| Поле | Инд. | ПП | Название | Значение |
|---|---|---|---|---|
| Тип записи | a | |||
| Библиографический уровень | m | |||
| 001 | Контрольный номер | 84a72ef8-f014-43f1-82c8-0259e7fbb2c8 | ||
| 005 | Дата корректировки | 20140703173706.8 | ||
| 008 | Кодируемые данные | 081204 | ||
| 020 | c | Цена, тираж | б/ц | |
| 040 | a | Служба первич. каталог. | НБ ТвГУ | |
| 041 | a | Код языка текста | rus | |
| 080 | a | Индекс УДК | 378.016:811(043.3) | |
| 084 | a | Индекс другой классификации/Индекс ББК | Ш12-913я031 | |
| 090 | a | Полочн. индекс | Ш12 | |
| x | Авторский знак | О-65 | ||
| 100 | 1_ | a | Автор | Орешина Екатерина Евгеньевна |
| 245 | 10 | a | Заглавие | Методика обучения обсуждению проблемы в форме дебатов |
| b | Продолж. заглавия | автореф дис. ... канд. пед. наук : 13.00.02 | ||
| c | Ответственность | Тамбовский гос. ун-т им. Г. Р. Державина | ||
| 260 | 0_ | a | Место издания | Тамбов |
| b | Издательство | Тамбовский гос. ун-т | ||
| c | Дата издания | 2008 | ||
| 300 | a | Объем | 24 с. | |
| b | Иллюстрации/ тип воспроизводства | табл. | ||
| 500 | a | Примечание | На правах рукоп. | |
| 504 | a | Библиография | Библиогр. в конце кн. | |
| 583 | a | Действие | Получение впервые 302 03.12.2008 | |
| 650 | a | Основная рубрика | Иностранные языки | |
| x | Основная подрубрика | Методика преподавания в вузе | ||
| x | Основная подрубрика | Педагогические технологии | ||
| 653 | a | Ключевые слова | Авторефераты | |
| a | Ключевые слова | Дебаты как форма обсуждения | ||
| a | Ключевые слова | Иностранные языки в вузе | ||
| a | Ключевые слова | Методика | ||
| a | Ключевые слова | Педагогические технологии | ||
| a | Ключевые слова | Преподавание иностранных языков | ||
| 852 | t | Порядковый номер экземпляра | 1 | |
| p | Инвентарный номер | б/н | ||
| 888 | a | Бесплатные | ||
| 930 | a | Новая/Ретро | методика | |
| a | Новая/Ретро | авторефераты | ||
| 952 | p | 302.2008 б/ц 1 б/н | ||
| c | Вид литературы | А/Р н | ||
| 954 | a | Дата поступления на обработку | 20090401 | |
| 999 | a | Подразделение 2 | ч.з. |